Países do Mundo por Tamanho - Modo Difícil - Statistics

Estatísticas Gerais
  • Esse quiz foi jogado 1 028 vezes
  • A pontuação média é 28 de 196
Estatísticas das Respostas
Resposta % Correto
Russia
100%
Canadá
96%
China
95%
Estados Unidos
94%
Brasil
93%
Austrália
83%
Índia
79%
Argentina
75%
Cazaquistão
70%
Argélia
68%
República Democrática do Congo
63%
Arábia Saudita
59%
México
58%
Indonésia
54%
Sudão
48%
Irã
47%
Líbia
47%
Mongólia
47%
Peru
44%
Chade
40%
Níger
39%
Angola
37%
Mali
37%
África do Sul
35%
Colômbia
35%
Bolívia
32%
Etiópia
32%
Mauritânia
31%
Egito
29%
Nigéria
27%
Paquistão
27%
Tanzânia
27%
Venezuela
27%
Vaticano
26%
Namíbia
25%
Moçambique
24%
Turquia
24%
Chile
21%
Zambia
21%
Mianmar
19%
Mônaco
19%
Afeganistão
18%
Sudão do Sul
17%
França
16%
Somália
16%
Ucrânia
16%
Madagáscar
15%
República Centro-Africana
15%
Botswana
14%
Nauru
14%
Quênia
14%
Espanha
13%
Tailândia
13%
Iêmen
12%
Turcomenistão
12%
San Marino
11%
Suécia
11%
Alemanha
10%
Camarões
10%
Iraque
10%
Papua Nova Guiné
10%
Tuvalu
10%
Uzbequistão
10%
Marrocos
9%
Paraguai
9%
Zimbábue
9%
Finlândia
8%
Japão
8%
Liechtenstein
8%
Noruega
8%
Andorra
7%
Polônia
7%
República do Congo
7%
Vietnã
7%
Burkina Faso
6%
Costa do Marfim
6%
Filipinas
6%
Itália
6%
Laos
6%
Malásia
6%
Omã
6%
Reino Unido
6%
Romenia
6%
Bangladesh
5%
Bielorrússia
5%
Camboja
5%
Equador
5%
Gabão
5%
Gana
5%
Grécia
5%
Guiana
5%
Guiné
5%
Hungria
5%
Malta
5%
Nova Zelândia
5%
Quirguistão
5%
Senegal
5%
Síria
5%
Tajiquistão
5%
Uganda
5%
Uruguai
5%
Antígua e Barbuda
4%
Áustria
4%
Barbados
4%
Benin
4%
Bósnia e Herzegovina
4%
Brunei
4%
Bulgária
4%
Coreia do Norte
4%
Coreia do Sul
4%
Croácia
4%
Cuba
4%
Dinamarca
4%
Emirados Árabes Unidos
4%
Eritreia
4%
Eslováquia
4%
Fiji
4%
Guatemala
4%
Honduras
4%
Ilhas Marshall
4%
Irlanda
4%
Islândia
4%
Letônia
4%
Libéria
4%
Lituânia
4%
Luxemburgo
4%
Malawi
4%
Nepal
4%
Nicarágua
4%
Palau
4%
Panamá
4%
Portugal
4%
República Tcheca
4%
São Vicente e Granadinas
4%
Serra Leoa
4%
Sérvia
4%
Suriname
4%
Tonga
4%
Tunísia
4%
Albânia
3%
Armênia
3%
Azerbaijão
3%
Bahamas
3%
Bélgica
3%
Belize
3%
Burundi
3%
Butão
3%
Cabo Verde
3%
Catar
3%
Chipre
3%
Comoroes
3%
Costa Rica
3%
Djibouti
3%
El Salvador
3%
Eslovênia
3%
Essuatíni
3%
Estados Federados da Micronésia
3%
Estônia
3%
Geórgia
3%
Granada
3%
Guiné-Bissau
3%
Guiné Equatorial
3%
Haiti
3%
Ilhas Salomão
3%
Israel
3%
Jamaica
3%
Jordânia
3%
Kosovo
3%
Kuwait
3%
Lesoto
3%
Macedônia do Norte
3%
Maldivas
3%
Maurício
3%
Moldávia
3%
Montenegro
3%
Países Baixos
3%
República Dominicana
3%
Ruanda
3%
Samoa
3%
Santa Lúcia
3%
Seychelles
3%
Singapura
3%
Sri Lanka
3%
Suíça
3%
Timor-Leste
3%
Togo
3%
Trinidad e Tobago
3%
Vanuatu
3%
Bahrein
2%
Dominica
2%
Gâmbia
2%
Kiribati
2%
Líbano
2%
São Tomé e Príncipe
2%
Taiwan
2%
São Cristóvão e Neves
1%
Nenhum quiz correspondente encontrado
Distribuição das Pontuações
Porcentagem de Pessoas com Cada Pontuação
Percentil de Números Respondidos
Sua Pontuação Histórica
Você não jogou esse quiz